| 000 | 00776nam a2200241 a 4500 | ||
|---|---|---|---|
| 001 | 000025801 | ||
| 005 | 20200930024047.0 | ||
| 008 | 110217s1979 ru r 000 | spa d | ||
| 040 |
_aDO-SdBNP _bspa _cBNPHU |
||
| 041 |
_aspa _hrus _2Código de idioma MARC |
||
| 082 |
_a891.744 _bR457n, 1979 |
||
| 100 | 1 |
_aReyes, Alfonso, _912593 |
|
| 240 | 0 |
_aKoнctaнtин Симонов _lEspañol |
|
| 245 | 1 | 0 |
_aNadie es soldado al nacer / _cKonstantin Simonov ; traducción de José Vento. |
| 250 | _a3a ed. | ||
| 260 |
_aMoscú : _bProgreso, _c1979. |
||
| 300 |
_a2 v. : _bil. ; _c20 cm. |
||
| 534 |
_aTítulo original : _tKoнctaнtин Симонов |
||
| 650 | 4 |
_aNovela rusa _94742 |
|
| 650 | 4 |
_aLiteratura rusa _94743 |
|
| 700 | 1 |
_aVento, José, _etr. _952611 |
|
| 049 | _aBNGR | ||
| 999 |
_c25293 _d25293 |
||